<?xml version="1.0" encoding="UTF-8"?><?xml-stylesheet type="text/xsl" href="static/style.xsl"?><OAI-PMH xmlns="http://www.openarchives.org/OAI/2.0/" xmlns:xsi="http://www.w3.org/2001/XMLSchema-instance" xsi:schemaLocation="http://www.openarchives.org/OAI/2.0/ http://www.openarchives.org/OAI/2.0/OAI-PMH.xsd"><responseDate>2026-04-28T19:52:53Z</responseDate><request verb="GetRecord" identifier="oai:uvadoc.uva.es:10324/3500" metadataPrefix="marc">https://uvadoc.uva.es/oai/request</request><GetRecord><record><header><identifier>oai:uvadoc.uva.es:10324/3500</identifier><datestamp>2021-06-29T09:35:05Z</datestamp><setSpec>com_10324_38</setSpec><setSpec>col_10324_852</setSpec></header><metadata><record xmlns="http://www.loc.gov/MARC21/slim" xmlns:doc="http://www.lyncode.com/xoai" xmlns:xsi="http://www.w3.org/2001/XMLSchema-instance" xmlns:dcterms="http://purl.org/dc/terms/" xsi:schemaLocation="http://www.loc.gov/MARC21/slim http://www.loc.gov/standards/marcxml/schema/MARC21slim.xsd">
<leader>00925njm 22002777a 4500</leader>
<datafield tag="042" ind1=" " ind2=" ">
<subfield code="a">dc</subfield>
</datafield>
<datafield tag="720" ind1=" " ind2=" ">
<subfield code="a">Martínez Fernández, Jessica</subfield>
<subfield code="e">author</subfield>
</datafield>
<datafield tag="260" ind1=" " ind2=" ">
<subfield code="c">2013</subfield>
</datafield>
<datafield tag="520" ind1=" " ind2=" ">
<subfield code="a">Conocemos la etapa de Educación Infantil, como aquella en la que se trabajan todos los aspectos de la educación, se trata de una educación integral en la cual tiene que haber un sitio para el desarrollo y la expresión de las emociones de todos los alumnos. Por ello, una vez investigada y estudiada toda la teoría sobre la inteligencia emocional, definiendo las distintas inteligencias múltiples, además de destacar la importancia de las emociones en la edad escolar, se realizará una programación para la tercera etapa de Educación Infantil que ayude a desarrollar la Inteligencia Emocional. Esta propuesta contempla una serie de actividades que se relacionan con la edad y los objetivos propuestos en este proyecto, el desarrollo de la Inteligencia Emocional en los niños de Educación Infantil</subfield>
</datafield>
<datafield tag="024" ind2=" " ind1="8">
<subfield code="a">http://uvadoc.uva.es/handle/10324/3500</subfield>
</datafield>
<datafield ind1=" " ind2=" " tag="653">
<subfield code="a">Inteligencia emocional</subfield>
</datafield>
<datafield ind1=" " ind2=" " tag="653">
<subfield code="a">Educación infantil</subfield>
</datafield>
<datafield ind1=" " ind2=" " tag="653">
<subfield code="a">Niños-Psicología</subfield>
</datafield>
<datafield tag="245" ind1="0" ind2="0">
<subfield code="a">La inteligencia emocional en Educación Infantil</subfield>
</datafield>
</record></metadata></record></GetRecord></OAI-PMH>